<?xml version="1.0" encoding="UTF-8"?>
<collection xmlns="http://www.loc.gov/MARC21/slim">
 <record>
  <leader>     na                 </leader>
  <controlfield tag="001">INLIS000000001136414</controlfield>
  <controlfield tag="005">20250214104407</controlfield>
  <datafield tag="035" ind1=" " ind2=" ">
   <subfield code="a">0010-0225000066</subfield>
  </datafield>
  <controlfield tag="006">aa   g      000 0d</controlfield>
  <controlfield tag="007">ta</controlfield>
  <controlfield tag="008">250214                g          0 ind  </controlfield>
  <datafield tag="020" ind1=" " ind2=" ">
   <subfield code="a">978-623-6133-05-7</subfield>
  </datafield>
  <datafield tag="040" ind1=" " ind2=" ">
   <subfield code="a">JKPNPNA</subfield>
   <subfield code="b">ind</subfield>
   <subfield code="e">rda</subfield>
  </datafield>
  <datafield tag="082" ind1=" " ind2=" ">
   <subfield code="a">658.87</subfield>
  </datafield>
  <datafield tag="084" ind1=" " ind2=" ">
   <subfield code="a">658.87 IBR m</subfield>
  </datafield>
  <datafield tag="100" ind1="0" ind2=" ">
   <subfield code="a">Ibrahim Daud,</subfield>
   <subfield code="e">Pengarang</subfield>
  </datafield>
  <datafield tag="245" ind1="1" ind2=" ">
   <subfield code="a">Manajemen pemasaran :</subfield>
   <subfield code="b">dengan pendekatan digital marketing /</subfield>
   <subfield code="c">Ibrahim Daud</subfield>
  </datafield>
  <datafield tag="264" ind1=" " ind2=" ">
   <subfield code="a">Sidoarjo :</subfield>
   <subfield code="b">CV. Indomedia Pustaka,</subfield>
   <subfield code="c">2021</subfield>
  </datafield>
  <datafield tag="300" ind1=" " ind2=" ">
   <subfield code="a">136 halaman :</subfield>
   <subfield code="b">ilustrasi ;</subfield>
   <subfield code="c">24 cm</subfield>
  </datafield>
  <datafield tag="336" ind1=" " ind2=" ">
   <subfield code="2">rdacontent</subfield>
   <subfield code="a">teks</subfield>
  </datafield>
  <datafield tag="337" ind1=" " ind2=" ">
   <subfield code="2">rdamedia</subfield>
   <subfield code="a">tanpa perantara</subfield>
  </datafield>
  <datafield tag="338" ind1=" " ind2=" ">
   <subfield code="2">rdacarrier</subfield>
   <subfield code="a">volume</subfield>
  </datafield>
  <datafield tag="504" ind1=" " ind2=" ">
   <subfield code="a">Bibliografi: halaman 127-128</subfield>
  </datafield>
  <datafield tag="520" ind1=" " ind2=" ">
   <subfield code="a">Sejarah Pemasaran Pemasaran tumbuh dan berkembang sebagaimana masyarakat tumbuh dan berkembang,yang dimulai dari sebuah tahap perekonomian yang mendasarkan pada pertanian dan pemenuhan kebutuhan sendiri menjadi tahap perekonomian yang mendasarkan pembagian tugas/spesialisasi pekerjaan kemudian industrialisasi dan urbanisasi. Untuk lebih jelasnya tahapan-tahapan tersebut meliputi: Pertama yaitu ketika satuan keluarga masih membuat sendiri segala kebutuhan hidupnya, seperti menanam sendiri untuk memenuhi kebutuhan pangannya, membuat pakaian dan perabot-perabot lain sendiri untuk memenuhi hajat hidupnya (produksi sendiri untuk dikonsumsi), maka pada tahap ini dalam masyarakat tersebut belum ada pemasaran sebab tidak terjadi pertukaran. Tahap kedua adalah tahap beberapa satuan keluarga berusaha bersama-sama dalam memenuhi kebutuhan hidupnya, misal ternak dan tanah ladang dikelola bersama untuk memenuhi hidup mereka. Dalam tahap ini yang disebut sebagai tahap pemilikan bersama, juga tidak terjadi pertukaran sehingga belum ada pemasaran. Tahap ketiga adalah tahap barter sederhana, yang dimulai dengan timbulnya pembagian tugas/spesialisasi pekerjaan. Dalam masing-masing kelompok keluarga.</subfield>
  </datafield>
  <datafield tag="650" ind1=" " ind2="4">
   <subfield code="a">Pemasaran di internet</subfield>
  </datafield>
  <datafield tag="650" ind1=" " ind2="4">
   <subfield code="a">Manajemen pemasaran</subfield>
  </datafield>
  <datafield tag="850" ind1=" " ind2=" ">
   <subfield code="a">JKPNPNA</subfield>
  </datafield>
  <datafield tag="999" ind1=" " ind2=" ">
   <subfield code="a">CB-D.13 2021-022357</subfield>
  </datafield>
  <datafield tag="990" ind1=" " ind2=" ">
   <subfield code="a">2024/HD/00391</subfield>
  </datafield>
 </record>
</collection>
